| 000 | 00346nam a2200133Ia 4500 | ||
|---|---|---|---|
| 005 | 20260328104303.0 | ||
| 008 | 260328s9999||||xx |||||||||||||| ||und|| | ||
| 100 | _aStern, Richard Martin | ||
| 245 | 0 |
_aRascacielos / _cRichard Martin Stern |
|
| 260 | _bBiblioteca grandes Exitos | ||
| 300 | _a251 p. | ||
| 650 | _aNOVELAS EROTICAS | ||
| 942 | _cBK | ||
| 999 |
_c10654 _d10654 |
||